000 00289nam a2200109Ia 4500
008 220204s9999 xx 000 0 und d
082 _a31:67
_bBEL
100 _aBelz, Maurice H
245 0 _aStatistical methods for the process industries
260 _aLondon
_bMacmillan
_c1973
942 _cBK
999 _c22948
_d22948